Κατάλογος Βιβλιοθηκών Mediterranean College

Οικονομικός Προγραμματισμός Επενδύσεων / Αρχές για τη Λήψη Αποφάσεων. (Record no. 1885)

MARC details
000 -LEADER
fixed length control field 01905cam a22002174a 4500
005 - ΗΜΕΡΟΜΗΝΙΑ ΚΑΙ ΩΡΑ ΤΕΛΕΥΤΑΙΑΣ ΕΝΗΜΕΡΩΣΗΣ
Πεδίο ελέγχου 20250605164022.0
008 - FIXED-LENGTH DATA ELEMENTS--GENERAL INFORMATION
Πεδίο ελέγχου σταθερού μήκους 250528s ||||||||||||||||||||||||d
035 ## - SYSTEM CONTROL NUMBER
System control number 16377
040 ## - ΠΗΓΗ ΚΑΤΑΛΟΓΟΓΡΑΦΗΣΗΣ
Φορέας πρωτότυπης καταλογογράφησης MC Athens Campus Library
Γλώσσα καταλογογράφησης Ελληνικά, Μοντέρνα (1453-)
Modifying agency MC Athens Campus Library
Κανόνες περιγραφικής καταλογογράφησης AACR2
245 1# - ΤΙΤΛΟΣ ΚΑΙ ΔΗΛΩΣΗ ΥΠΕΥΘΥΝΟΤΗΤΑΣ
Τίτλος Οικονομικός Προγραμματισμός Επενδύσεων / Αρχές για τη Λήψη Αποφάσεων.
Number of part/section of a work Τόμος Α'
250 ## - EDITION STATEMENT
Edition statement
260 ## - PUBLICATION, DISTRIBUTION, ETC.
Name of publisher, distributor, etc. Παπαζήση,
Date of publication, distribution, etc. 1983
300 ## - PHYSICAL DESCRIPTION
Extent 360
520 ## - SUMMARY, ETC.
Summary, etc. Το Πρόβλημα του Προγραμματισμού Επενδύσεων, Παρουσίαση των Μεθόδων Μετρήσεων της Αξίας των Επενδύσεων, Παρούσα Αξία Έναντι Εσωτερικού Συντελεστή Αποδόσεως, Η Έννοια της Παρούσας Αξίας, Ταξινόμηση Επενδύσεων, Η Χρησιμοποίηση των Χρηματικών Ροών στην Αξιολόγηση Επενδύσεων, Φορολογία Εισοδήματος Εταιρειών και Επενδυτικές Αποφάσεις, Ο Προγραμματισμός Επενδύσεων κάτω από Συνθήκες Στενότητας Κεφαλαίων, Εισαγωγή στο Στοιχείο της Αβεβαιότητας, Εισαγωγή στην Ανάλυση Χαρτοφυλακίων, Το Μοντέλο Τιμολογήσεως Πάγιων Εντολών, Εφαρμογή του Μοντέλου Τιμολογήσεως Πάγιων Εντολών σε Επενδύσεις Πολλών Περιόδων, Αβεβαιότητα και Επενδυτές με μη Διαφοροποιημένα Χαρτοφυλάκια.
700 1# - ΠΡΟΣΘΕΤΗ ΑΝΑΓΡΑΦΗ--ΦΥΣΙΚΟ ΠΡΟΣΩΠΟ
Personal name Bierman Harold Jr.
700 1# - ΠΡΟΣΘΕΤΗ ΑΝΑΓΡΑΦΗ--ΦΥΣΙΚΟ ΠΡΟΣΩΠΟ
Personal name Smidt Seimour
9 (RLIN) 2473
700 1# - ΠΡΟΣΘΕΤΗ ΑΝΑΓΡΑΦΗ--ΦΥΣΙΚΟ ΠΡΟΣΩΠΟ
Personal name Αθανασόπουλος Παναγιώτης Ι
9 (RLIN) 2474
942 ## - ADDED ENTRY ELEMENTS (KOHA)
Koha item type Books
Holdings
Τύπος τεκμηρίου Βιβλιοθήκη Τρέχουσα τοποθεσία Barcode Αριθμός εισαγωγής Ημερομηνία απόκτησης Ταξιθετικό σύμβολο Αριθμός αντιτύπου Κατάσταση απόσυρσης Κατάσταση χαμένου Κατάσταση κατεστραμμένου Μη δανεισμός Σύνολο δανεισμών Ημερομηνία τελευταίας εμφάνισης Η τιμή ισχύει από
Books MC Athens Campus Library MC Athens Campus Library 9780000018847 4077 05/06/2025 332.6 ΒΙΕ V.A 2           05/06/2025 05/06/2025

MC Athens Campus Library
Πατησίων 94 & Κοδριγκτώνος 13, 104 34
Πελλήνης 8 & Πατησίων 107, 112 51
Τ: +30 210 8899600

MC Thessaloniki Campus Library
Ίωνος Δραγούμη 21, 54625 | Ίωνος Δραγούμη 15, 54625
Τ: +30 2310 287779 – Τ: +30 2314 440300